000 01348cam a22003131i 4500
003 SA-RiAUC
005 20250128124241.0
008 250104s2002 su g b f00000 ara c
020 _a9960693732
040 _aSA-RIMASH
_bara
_cSA-RiAUC
_erda
043 _ae-ur---
_aap-----
050 4 _b.D87 2002
082 0 4 _a327.53047
_qSA-RiAUC
090 _a327.53047
_b د و س
100 1 _aالدوسري، نادية وليد
_eمؤلف.
245 1 0 _aمحاولات التدخل الروسي في الخليج العربي 1297-1325 هـ / 1880-1907 م /
_cنادية وليد الدوسري.
264 1 _aالرياض :
_bدارة الملك عبد العزيز،
_c2002
300 _a301 صفحة ؛
_c24 سم.
336 _aنص
_btxt
_2rdacontent
_3كتاب
337 _aبدون وسيط
_bn
_2rdamedia
338 _aمجلد
_bnc
_2rdacarrier
490 0 _aإصدارات دارة الملك عبد العزيز ؛
_v107
504 _aببليوجرافية : صفحة 261-296.
651 7 _aدول الخليج العربية
_xعلاقات خارجية
_zروسيا
_2aucsh
651 7 _aروسيا
_xعلاقات خارجية
_zدول الخليج العربية
_2aucsh
651 7 _aدول الخليج العربية
_xتاريخ
_yقرن 20
_2aucsh
942 _2ddc
_cBOOK
_n0
949 _aSA-JeALM
_d250104
_umohamedma123
_n1
999 _c5335
_d5335